000 00410cam a2200145 4500500
005 20251012032640.0
041 _afre
042 _adc
100 1 0 _aSesé, Bernard
_eauthor
245 0 0 _aEt quelle main
260 _c2009.
500 _a28
786 0 _nSigila | 24 | 2 | 2009-12-20 | p. 51-51 | 1286-1715
856 4 1 _uhttps://shs.cairn.info/revue-sigila-2009-2-page-51?lang=fr&redirect-ssocas=7080
999 _c1547945
_d1547945